| 000 | 00708nam a2200169 a 4500 | ||
|---|---|---|---|
| 001 | 000036595 | ||
| 005 | 20200930075823.0 | ||
| 008 | 120123s2002 ag 000 0 spa d | ||
| 020 | _a929162022 | ||
| 040 |
_aDO-SdBNP _bspa _cBNPHU |
||
| 082 |
_axxx _bC824p |
||
| 100 | 1 |
_aCorrea, Carlos M. _962870 |
|
| 240 | 1 | 0 |
_aProtection and promotion of traditional medicine: Implications for public health in developing countries. _lespañol |
| 245 | 1 | 0 |
_aProtección y promoción de la medicina tradicional : _bConsecuencias para la salud pública en los países en desarrollo / _cCarlos M. Correa. |
| 260 |
_aBuenos Aires, Argentina : _bCentro Sur ; _bUniversidad de Buenos Aires /, _c2002. |
||
| 300 |
_a127 p. ; _c22 cm. |
||
| 999 |
_c36086 _d36086 |
||